[Event "6. OPEN International Ch of Vojvodina 20"]
[Site "Novi Sad"]
[Date "2015.07.28"]
[Round "6"]
[Board "39"]
[White "Stikovic, Dobrica"]
[Black "Grguric, Dragan"]
[Result "1-0"]
[WhiteElo "2194"]
[BlackElo "1992"]
[PlyCount "49"]
[EventDate "2015.07.25"]
[EventRounds "9"]
[EventCountry "SRB"]

1. c4 e5 2. Nc3 Nf6 3. Nf3 d6 4. d4 Nbd7 5. g3 g6 6. Bg2 Bg7 7. O-O O-O 8. b3
Re8 9. Bb2 e4 10. Ng5 e3 11. fxe3 h6 12. Nge4 Ng4 13. Qd2 f5 14. Bf3 fxe4 15.
Bxg4 Nf6 16. Bxc8 Qxc8 17. Kg2 h5 18. d5 h4 19. Nb5 Rf8 20. Nd4 Qg4 21. Rf4 h3+
22. Kg1 Qd7 23. Ne6 g5 24. Rf5 Kh7 25. Raf1 1-0

[Event "6. OPEN International Ch of Vojvodina 20"]
[Site "Novi Sad"]
[Date "2015.07.31"]
[Round "9"]
[Board "1"]
[White "Atalik, Suat"]
[Black "Cabarkapa, Novak"]
[Result "1-0"]
[WhiteElo "2564"]
[BlackElo "2377"]
[PlyCount "80"]
[EventDate "2015.07.25"]
[EventRounds "9"]
[EventCountry "SRB"]

1. Nf3 Nf6 2. c4 g6 3. Nc3 Bg7 4. e4 d6 5. d4 O-O 6. h3 c5 7. d5 e6 8. Bd3 exd5
9. exd5 Re8+ 10. Be3 Nh5 11. O-O Nd7 12. Qd2 Ne5 13. Be2 Bd7 14. Rfe1 Nxf3+ 15.
Bxf3 Nf6 16. Bg5 Qb6 17. Qf4 Rxe1+ 18. Rxe1 Re8 19. Rd1 Re5 20. Bxf6 Rf5 21.
Qd2 Rxf6 22. Bg4 Bf5 23. Re1 h5 24. Bd1 Bd7 25. g4 hxg4 26. Bxg4 Rf5 27. Bxf5
Bxf5 28. Re8+ Kh7 29. Ne4 Bxe4 30. Rxe4 Qd8 31. Qf4 f5 32. Re6 Be5 33. Qe3 Kg7
34. Kg2 Qh4 35. b3 Kf7 36. Rxe5 dxe5 37. Qxe5 Qg5+ 38. Kh2 Qd2 39. Qe6+ Kg7 40.
Qe7+ Kg8 {1-0 Atalik,S (2564)-Cabarkapa,N (2377)/Novi Sad 2015} 1-0

[Event "6. OPEN International Ch of Vojvodina 20"]
[Site "Novi Sad"]
[Date "2015.07.31"]
[Round "9"]
[Board "2"]
[White "Saric, Sinisa"]
[Black "Kadric, Denis"]
[Result "0-1"]
[WhiteElo "2420"]
[BlackElo "2511"]
[PlyCount "96"]
[EventDate "2015.07.25"]
[EventRounds "9"]
[EventCountry "SRB"]

1. d4 d6 2. Nf3 g6 3. c4 f5 4. b4 Bg7 5. Bb2 Nf6 6. g3 O-O 7. Bg2 e5 8. dxe5
dxe5 9. Qxd8 Rxd8 10. Nxe5 Ne4 11. Nd3 Bxb2 12. Nxb2 Nc6 13. Nd3 a5 14. Nd2
Nxd2 15. Bxc6 Nxc4 16. Ba4 Be6 17. bxa5 Nxa5 18. O-O Bc4 19. Rfc1 Bxd3 20. exd3
c6 21. Rc3 Rd4 22. Ra3 Kf8 23. Rb1 Ke7 24. Bd1 Ra7 25. Rc3 b5 26. a3 Kd6 27.
Kf1 Nb7 28. Bf3 Nd8 29. Re1 Kd7 30. Rb1 Rda4 31. Rbb3 R7a6 32. Bd1 Ne6 33. Ke1
Kd6 34. Kd2 Nc5 35. Rb4 Rxa3 36. Rd4+ Ke5 37. Rd8 Rxc3 38. d4+ Kf6 39. Kxc3
Ne4+ 40. Kb4 Nxf2 41. Bb3 Ne4 42. Rd7 h5 43. Rf7+ Kg5 44. Re7 h4 45. gxh4+ Kxh4
46. Re6 g5 47. Bc2 c5+ 48. Kxb5 Rxe6 0-1

[Event "6. OPEN International Ch of Vojvodina 20"]
[Site "Novi Sad"]
[Date "2015.07.31"]
[Round "9"]
[Board "3"]
[White "Costachi, Mihnea"]
[Black "Drazic, Sinisa"]
[Result "1/2-1/2"]
[WhiteElo "2360"]
[BlackElo "2439"]
[PlyCount "126"]
[EventDate "2015.07.25"]
[EventRounds "9"]
[EventCountry "SRB"]

1. d4 g6 2. e4 Bg7 3. Nf3 d6 4. Nc3 Nf6 5. Be2 O-O 6. O-O c6 7. a4 a5 8. h3 Na6
9. Be3 Nb4 10. Ne1 e5 11. dxe5 dxe5 12. Bc5 Re8 13. Qxd8 Rxd8 14. Bc4 Bf8 15.
Be3 Kg7 16. Rc1 Bd6 17. Bb6 Re8 18. Rd1 Bb8 19. Rd2 Nd7 20. Be3 Nf8 21. Na2
Nxa2 22. Bxa2 Ba7 23. Bxa7 Rxa7 24. Nd3 Be6 25. Bxe6 Nxe6 26. Nxe5 Nc5 27. Nd3
Nxa4 28. e5 b5 29. f4 Rd7 30. Rdf2 Nb6 31. b3 Nd5 32. Nc5 Ra7 33. Ra1 f6 34. e6
f5 35. g4 a4 36. bxa4 bxa4 37. Rxa4 Rxa4 38. Nxa4 Rxe6 39. gxf5 gxf5 40. Nc5
Re3 41. Kh2 h6 42. Nd3 Kf6 43. Kg2 h5 44. Rf3 h4 45. Rxe3 Nxe3+ 46. Kf2 Nxc2
47. Ne5 Nb4 48. Ke3 Nd5+ 49. Kf3 Ne7 50. Ke3 Ke6 51. Kd4 Kd6 52. Nc4+ Ke6 53.
Ne5 Kd6 54. Nc4+ Kd7 55. Ke5 c5 56. Kf6 Nc8 57. Kxf5 Nd6+ 58. Nxd6 Kxd6 59. Kg6
Ke7 60. Kg7 Ke6 61. Kg6 Ke7 62. Kg7 Ke6 63. Kg6 Ke7 1/2-1/2

[Event "6. OPEN International Ch of Vojvodina 20"]
[Site "Novi Sad"]
[Date "2015.07.31"]
[Round "9"]
[Board "4"]
[White "Lukovic, Vladimir"]
[Black "Radovanovic, Nikola"]
[Result "1-0"]
[WhiteElo "2417"]
[BlackElo "2420"]
[PlyCount "97"]
[EventDate "2015.07.25"]
[EventRounds "9"]
[EventCountry "SRB"]

1. e4 c5 2. Nf3 e6 3. d4 cxd4 4. Nxd4 Nf6 5. Nc3 d6 6. Be2 Be7 7. Be3 O-O 8.
Qd2 a6 9. O-O-O b5 10. a3 Bb7 11. f3 Nbd7 12. Nb3 Rc8 13. Kb1 Ne5 14. Bf4 Qb6
15. Na2 Rfd8 16. Qa5 Qf2 17. Qd2 Qxg2 18. Rhg1 Nxf3 19. Rxg2 Nxd2+ 20. Nxd2
Nxe4 21. Rgg1 Nxd2+ 22. Rxd2 e5 23. Bh6 Bf8 24. Bg5 Re8 25. Bg4 Rc7 26. Nc3 Kh8
27. Nd5 Bxd5 28. Rxd5 f6 29. Bd2 g6 30. Bb4 f5 31. Be2 Rc6 32. Rgd1 Re6 33. b3
f4 34. c4 bxc4 35. Bxc4 Rf6 36. Ra5 Bh6 37. Rxa6 Rxa6 38. Bxa6 d5 39. Bb7 d4
40. Bf3 Bg7 41. Kc2 g5 42. a4 Rh6 43. a5 g4 44. Bb7 Rxh2+ 45. Rd2 Rh6 46. a6 e4
47. a7 d3+ 48. Kc1 Rh1+ 49. Rd1 1-0

[Event "6. OPEN International Ch of Vojvodina 20"]
[Site "Novi Sad"]
[Date "2015.07.31"]
[Round "9"]
[Board "5"]
[White "Lajthajm, Borko"]
[Black "Mesaros, Florian"]
[Result "1/2-1/2"]
[WhiteElo "2443"]
[BlackElo "2390"]
[PlyCount "34"]
[EventDate "2015.07.25"]
[EventRounds "9"]
[EventCountry "SRB"]

1. Nf3 Nf6 2. c4 c5 3. g3 Nc6 4. Bg2 e6 5. O-O Be7 6. Nc3 d5 7. cxd5 Nxd5 8. d3
O-O 9. Bd2 b6 10. a3 Bb7 11. Qa4 a6 12. Nxd5 exd5 13. Rac1 Re8 14. Rfe1 Bf6 15.
Bc3 Bxc3 16. Rxc3 Qd6 17. Qb3 Na5 1/2-1/2

[Event "6. OPEN International Ch of Vojvodina 20"]
[Site "Novi Sad"]
[Date "2015.07.31"]
[Round "9"]
[Board "6"]
[White "Stojanovic, Andjelija"]
[Black "Nadj Hedjesi, Balind"]
[Result "1/2-1/2"]
[WhiteElo "2313"]
[BlackElo "2410"]
[PlyCount "154"]
[EventDate "2015.07.25"]
[EventRounds "9"]
[EventCountry "SRB"]

1. e4 Nf6 2. e5 Nd5 3. d4 d6 4. Nf3 Bg4 5. Be2 e6 6. c4 Nb6 7. Nc3 Be7 8. h3
Bh5 9. exd6 cxd6 10. Be3 O-O 11. g4 Bg6 12. h4 d5 13. c5 Nc4 14. Bxc4 dxc4 15.
h5 Bd3 16. Ne5 Nc6 17. Nxd3 cxd3 18. Qxd3 Bxc5 19. O-O-O Nb4 20. Qb5 Bd6 21. d5
a6 22. Qb6 exd5 23. Qxd8 Raxd8 24. a3 Nc6 25. Rxd5 Be5 26. Rhd1 Bxc3 27. bxc3
Rc8 28. Kb2 h6 29. g5 hxg5 30. Rxg5 f6 31. Rgd5 Rf7 32. a4 Ne5 33. Bd4 Nc6 34.
Bb6 Re7 35. Rd7 Kf7 36. Kb3 Ne5 37. Rxe7+ Kxe7 38. Bd4 Nd7 39. Be3 Rh8 40. Rg1
Kf7 41. Rd1 Ne5 42. f4 Ng4 43. Bb6 Ke6 44. Re1+ Kd7 45. Rg1 f5 46. Bd4 Rh7 47.
a5 Kc6 48. Kc4 Rxh5 49. Rb1 g5 50. Rb6+ Kc7 51. Rg6 gxf4 52. Rg7+ Kc8 53. Rg8+
Kd7 54. Rg7+ Ke6 55. Rg6+ Kf7 56. Rg7+ Kf8 57. Rxb7 f3 58. Kd5 f2 59. Rb1 Rh3
60. Ke6 Re3+ 61. Kxf5 Re1 62. Rb8+ Re8 63. Rb1 Re1 64. Rb8+ Ke7 65. Bxf2 Nxf2
66. Rb6 Nd3 67. Rxa6 Kd7 68. Kg4 Kc7 69. Kf3 Re5 70. c4 Nb4 71. Rh6 Nc6 72. a6
Rc5 73. a7 Nxa7 74. Ke3 Nc6 75. Kd3 Ra5 76. c5 Rxc5 77. Ke4 Kb6 1/2-1/2

[Event "6. OPEN International Ch of Vojvodina 20"]
[Site "Novi Sad"]
[Date "2015.07.31"]
[Round "9"]
[Board "7"]
[White "Bergez, Luc"]
[Black "Radovanovic, Mihajlo"]
[Result "1-0"]
[WhiteElo "2341"]
[BlackElo "2245"]
[PlyCount "103"]
[EventDate "2015.07.25"]
[EventRounds "9"]
[EventCountry "SRB"]

1. e4 d6 2. d4 Nf6 3. Nc3 e5 4. Nf3 Nbd7 5. g3 Be7 6. Bg2 O-O 7. O-O Re8 8. Re1
Bf8 9. h3 c6 10. a4 b6 11. b3 a6 12. Bb2 Qc7 13. Qd2 Bb7 14. Kh2 b5 15. Nh4
exd4 16. Qxd4 b4 17. Qxb4 d5 18. Qd4 c5 19. Qd3 c4 20. bxc4 Ne5 21. Nxd5 Nxd3
22. Nxc7 Nxe1 23. Rxe1 Rec8 24. Nxa8 Bxa8 25. e5 Nd7 26. e6 fxe6 27. Bxa8 Rxa8
28. Rxe6 Nc5 29. Rc6 Nxa4 30. Bd4 a5 31. c5 g6 32. Rc7 Re8 33. Nf3 Re2 34. c4
Nxc5 35. Ng5 Ne6 36. Nxe6 Rxe6 37. c5 Re4 38. Be3 Rc4 39. c6 a4 40. Bf4 Ba3 41.
Rc8+ Kf7 42. c7 Bb2 43. Ra8 a3 44. Kg2 Ke6 45. h4 Kd7 46. Kf3 Rc3+ 47. Ke4 Rc4+
48. Kd5 Rc2 49. Rd8+ Ke7 50. Bd6+ Kf7 51. Rf8+ Kg7 52. Ra8 1-0

[Event "6. OPEN International Ch of Vojvodina 20"]
[Site "Novi Sad"]
[Date "2015.07.31"]
[Round "9"]
[Board "8"]
[White "Nestorovic, Dejan"]
[Black "Kumic, Filip"]
[Result "1/2-1/2"]
[WhiteElo "2408"]
[BlackElo "2253"]
[PlyCount "100"]
[EventDate "2015.07.25"]
[EventRounds "9"]
[EventCountry "SRB"]

1. d4 Nf6 2. c4 g6 3. Nc3 d5 4. cxd5 Nxd5 5. e4 Nxc3 6. bxc3 Bg7 7. Be3 c5 8.
Qd2 Qa5 9. Rc1 cxd4 10. cxd4 Qxd2+ 11. Bxd2 O-O 12. Nf3 Bg4 13. Rc7 Bxf3 14.
gxf3 Bxd4 15. Rxb7 Nc6 16. Bb5 Rac8 17. Ke2 Bb6 18. Bxc6 Rxc6 19. Rc1 Rxc1 20.
Bxc1 f5 21. Be3 Kf7 22. a4 fxe4 23. fxe4 Rc8 24. Bxb6 axb6 25. Rxb6 Rc4 26. a5
Rxe4+ 27. Kf3 Ra4 28. a6 h5 29. Ke3 Ra2 30. Rc6 Kg7 31. Kd4 Rxf2 32. a7 Ra2 33.
Rc7 g5 34. Kc5 Kf6 35. Kb6 Rb2+ 36. Kc6 Rc2+ 37. Kb7 Rb2+ 38. Kc6 Ra2 39. Kb7
Rb2+ 40. Kc8 Ra2 41. Kb8 g4 42. a8=Q Rxa8+ 43. Kxa8 h4 44. Kb7 Kf5 45. Kc6 g3
46. hxg3 hxg3 47. Rxe7 Kf4 48. Kd5 g2 49. Rg7 Kf3 50. Rxg2 Kxg2 1/2-1/2

[Event "6. OPEN International Ch of Vojvodina 20"]
[Site "Novi Sad"]
[Date "2015.07.31"]
[Round "9"]
[Board "9"]
[White "Ovchinnikov, Vsevolod"]
[Black "Leskur, Dejan"]
[Result "1/2-1/2"]
[WhiteElo "2231"]
[BlackElo "2384"]
[PlyCount "60"]
[EventDate "2015.07.25"]
[EventRounds "9"]
[EventCountry "SRB"]

1. d4 g6 2. c4 Bg7 3. Nf3 c5 4. d5 Nf6 5. Nc3 O-O 6. e4 d6 7. Be2 e6 8. Nd2 Re8
9. O-O Na6 10. Re1 Nc7 11. a4 Rb8 12. Ra3 b6 13. dxe6 Nxe6 14. Nb3 Bb7 15. Bf1
a6 16. f3 Nh5 17. g3 Nd4 18. Nxd4 Bxd4+ 19. Be3 Bxe3+ 20. Rxe3 f5 21. Rd3 fxe4
22. Rxd6 Qg5 23. Nxe4 Bxe4 24. fxe4 Rxe4 25. Qd5+ Qxd5 26. cxd5 Rf8 27. Bxa6
Rb4 28. b3 Rf3 29. Ra2 Rfxb3 30. Rd8+ Kg7 1/2-1/2

[Event "6. OPEN International Ch of Vojvodina 20"]
[Site "Novi Sad"]
[Date "2015.07.31"]
[Round "9"]
[Board "10"]
[White "Ujhazi, Ivan"]
[Black "Mrkonjic, Nenad"]
[Result "0-1"]
[WhiteElo "2231"]
[BlackElo "2380"]
[PlyCount "122"]
[EventDate "2015.07.25"]
[EventRounds "9"]
[EventCountry "SRB"]

1. e4 d5 2. exd5 Qxd5 3. Nc3 Qa5 4. Bc4 Nf6 5. d3 c6 6. Bd2 Qe5+ 7. Qe2 Qxe2+
8. Ngxe2 Nbd7 9. O-O e6 10. a4 Nb6 11. Bb3 Bd6 12. Ne4 Be7 13. Nxf6+ Bxf6 14.
a5 Nd7 15. d4 Be7 16. Rfd1 Nf6 17. c4 Bd7 18. Nc3 O-O 19. Be3 Bd6 20. f3 h6 21.
Bc2 Rfd8 22. Ne4 Be7 23. Nc5 Bc8 24. b4 a6 25. Rab1 Bd6 26. Na4 Bd7 27. Nb6
Rab8 28. Ba4 Be8 29. Bc2 Bc7 30. g3 Nd7 31. d5 Bxb6 32. axb6 cxd5 33. cxd5 exd5
34. Bf4 Nxb6 35. Bxb8 Rxb8 36. Bb3 Bc6 37. Rd4 Kf8 38. Re1 Rd8 39. Kf2 Na8 40.
f4 Nc7 41. Red1 Ke7 42. g4 Kd6 43. Re1 Ne6 44. Rd2 Nxf4 45. Kg3 g5 46. h4 Rf8
47. Bc2 Bd7 48. hxg5 hxg5 49. Rh2 Rc8 50. Rh6+ Be6 51. Bf5 Rc3+ 52. Kh2 Rc4 53.
Rb1 Ke5 54. Rh7 Bxf5 55. gxf5 Rc7 56. b5 axb5 57. Rxb5 Kxf5 58. Kg3 Rc3+ 59.
Kf2 Kg4 60. Rxf7 Rf3+ 61. Ke1 Ng2+ 0-1

[Event "6. OPEN International Ch of Vojvodina 20"]
[Site "Novi Sad"]
[Date "2015.07.31"]
[Round "9"]
[Board "11"]
[White "Elez, Nikola"]
[Black "Maryasin, Boris"]
[Result "0-1"]
[WhiteElo "2222"]
[BlackElo "2332"]
[PlyCount "60"]
[EventDate "2015.07.25"]
[EventRounds "9"]
[EventCountry "SRB"]

1. e4 c5 2. b3 d6 3. Bb2 Nf6 4. Bb5+ Bd7 5. Bxd7+ Qxd7 6. d3 Nc6 7. Ne2 g6 8.
Bxf6 exf6 9. Nbc3 Bg7 10. Qd2 O-O 11. O-O f5 12. Rad1 Rfe8 13. Rfe1 Rab8 14.
Ng3 f4 15. Nge2 g5 16. Nd5 Re6 17. c3 Rbe8 18. f3 f5 19. Nc1 Qf7 20. a3 Rh6 21.
b4 Ne5 22. d4 cxd4 23. cxd4 Nc4 24. Qc3 b5 25. Nd3 fxe4 26. fxe4 f3 27. Nf2
fxg2 28. Kxg2 Rxh2+ 29. Kxh2 Qxf2+ 30. Kh3 Re6 0-1

[Event "6. OPEN International Ch of Vojvodina 20"]
[Site "Novi Sad"]
[Date "2015.07.31"]
[Round "9"]
[Board "12"]
[White "Jovicic, Radosav"]
[Black "Pantelic, Sasa"]
[Result "0-1"]
[WhiteElo "2207"]
[BlackElo "2324"]
[PlyCount "71"]
[EventDate "2015.07.25"]
[EventRounds "9"]
[EventCountry "SRB"]

1. d4 Nf6 2. Nf3 g6 3. c4 Bg7 4. Nc3 O-O 5. e4 d6 6. Be2 Bg4 7. O-O Nfd7 8. Be3
c5 9. d5 a6 10. a4 Bxf3 11. Bxf3 Qb6 12. Bd2 Nf6 13. Be2 e6 14. Qc2 exd5 15. a5
Qc7 16. cxd5 Nbd7 17. b3 Rfe8 18. Ra4 c4 19. Rxc4 Qxa5 20. Kh1 Qd8 21. Bf4 Nb6
22. Rb1 Nxc4 23. bxc4 Qc7 24. Rc1 Nd7 25. Qb1 Nc5 26. f3 f5 27. Bf1 Bxc3 28.
Rxc3 fxe4 29. fxe4 Rxe4 30. Be3 Rf8 31. h3 Qe7 32. Qc1 Rf5 33. Kg1 Qf6 34. Rc2
h5 35. Be2 Nb3 36. Qb2 0-1

[Event "6. OPEN International Ch of Vojvodina 20"]
[Site "Novi Sad"]
[Date "2015.07.31"]
[Round "9"]
[Board "13"]
[White "Zarkovic, Mila"]
[Black "Besedes, Danilo"]
[Result "0-1"]
[WhiteElo "2209"]
[BlackElo "2307"]
[PlyCount "82"]
[EventDate "2015.07.25"]
[EventRounds "9"]
[EventCountry "SRB"]

1. e4 e5 2. Nf3 Nc6 3. Bb5 a6 4. Ba4 Nf6 5. O-O Be7 6. Re1 b5 7. Bb3 O-O 8. d3
d6 9. c3 Be6 10. Nbd2 Re8 11. Nf1 Qd7 12. Ng3 Bf8 13. Bg5 Bxb3 14. Qxb3 Qe6 15.
d4 Qxb3 16. axb3 Nd7 17. d5 Ncb8 18. Be3 c6 19. dxc6 Nxc6 20. b4 a5 21. bxa5
Nxa5 22. Nd2 g6 23. b4 Nc6 24. Reb1 Rec8 25. Rxa8 Rxa8 26. c4 Rb8 27. Ne2 bxc4
28. b5 Na5 29. Nc3 f5 30. f3 Be7 31. Ra1 Bd8 32. Ra4 Kf7 33. b6 Nb7 34. Nxc4
Ke6 35. Nd5 Rc8 36. g3 Nbc5 37. Bxc5 Nxc5 38. Ra7 fxe4 39. fxe4 Nxe4 40. Nce3
Nf6 41. Nxf6 Bxb6 0-1

[Event "6. OPEN International Ch of Vojvodina 20"]
[Site "Novi Sad"]
[Date "2015.07.31"]
[Round "9"]
[Board "14"]
[White "Nomin-Erdene, Davaademberel"]
[Black "Mihalj, Miroslav M"]
[Result "0-1"]
[WhiteElo "2303"]
[BlackElo "2216"]
[PlyCount "58"]
[EventDate "2015.07.25"]
[EventRounds "9"]
[EventCountry "SRB"]

1. e4 e5 2. Nf3 Nf6 3. Nxe5 d6 4. Nf3 Nxe4 5. d4 d5 6. Bd3 Bd6 7. O-O O-O 8. c4
c6 9. Nc3 Bf5 10. Qc2 Re8 11. Be3 Bg6 12. c5 Bc7 13. b4 Nd7 14. b5 Qf6 15. bxc6
bxc6 16. Rac1 Re7 17. Rfe1 Rae8 18. Rf1 h6 19. Nd1 Nf8 20. Nc3 Nh7 21. Rcd1
Nhg5 22. Nxg5 hxg5 23. Qc1 Nxc3 24. Qxc3 Be4 25. Bxe4 Rxe4 26. Bc1 Qh6 27. g3
Qh3 28. Bxg5 f6 29. Bc1 Rh4 0-1

[Event "6. OPEN International Ch of Vojvodina 20"]
[Site "Novi Sad"]
[Date "2015.07.31"]
[Round "9"]
[Board "15"]
[White "Nikolovski, Nikola"]
[Black "Jovic, Stevan"]
[Result "1/2-1/2"]
[WhiteElo "2293"]
[BlackElo "2168"]
[PlyCount "113"]
[EventDate "2015.07.25"]
[EventRounds "9"]
[EventCountry "SRB"]

1. e4 c6 2. d4 d5 3. exd5 cxd5 4. Bd3 Nf6 5. h3 Nc6 6. c3 g6 7. Bf4 Bg7 8. Nf3
O-O 9. Nbd2 a6 10. Qe2 b5 11. a3 Na5 12. Ne5 Bb7 13. h4 Nc4 14. Nb3 Nxe5 15.
dxe5 Nh5 16. Bh2 Bh6 17. Nd4 Bc8 18. O-O Nf4 19. Bxf4 Bxf4 20. g3 Bh6 21. Kg2
f6 22. h5 fxe5 23. hxg6 Bg7 24. Qh5 h6 25. Nf5 Bxf5 26. Bxf5 Qd6 27. f3 Rf6 28.
Rae1 Rff8 29. Qh3 Rf6 30. Bc2 e6 31. Qh5 Rff8 32. Re2 e4 33. Ref2 exf3+ 34.
Rxf3 Rxf3 35. Rxf3 Rf8 36. Rf7 Rxf7 37. gxf7+ Kf8 38. Bg6 d4 39. cxd4 Qxd4 40.
Kh3 Qd5 41. Qe2 Qh1+ 42. Kg4 Qd5 43. Kh3 Ke7 44. Qf2 Qh1+ 45. Kg4 Qd1+ 46. Kh3
Qh1+ 47. Kg4 Qd1+ 48. Kh3 Qd6 49. Bh5 e5 50. Qf5 Qe6 51. Kg4 Qxf5+ 52. Kxf5 e4
53. b3 e3 54. Ke4 Bb2 55. a4 bxa4 56. bxa4 Bc1 57. Kd3 1/2-1/2

[Event "6. OPEN International Ch of Vojvodina 20"]
[Site "Novi Sad"]
[Date "2015.07.31"]
[Round "9"]
[Board "16"]
[White "Banas, Jan"]
[Black "Ileana, George"]
[Result "1/2-1/2"]
[WhiteElo "2279"]
[BlackElo "2132"]
[PlyCount "82"]
[EventDate "2015.07.25"]
[EventRounds "9"]
[EventCountry "SRB"]

1. e4 c5 2. Nf3 d6 3. c3 Nf6 4. h3 g6 5. Bd3 Bg7 6. Bc2 O-O 7. O-O Nc6 8. d4
cxd4 9. cxd4 e5 10. Be3 Nd7 11. Nc3 exd4 12. Nxd4 Nde5 13. Bb3 Na5 14. Bd5 Nec4
15. Bc1 Qb6 16. Nb3 Be6 17. Nxa5 Qxa5 18. Qb3 Bxd5 19. Nxd5 b5 20. a4 a6 21.
Ne7+ Kh8 22. Nc6 Qb6 23. axb5 axb5 24. Rxa8 Rxa8 25. Nb4 Re8 26. Nd5 Qc5 27.
Qf3 Ne5 28. Qb3 Rb8 29. Be3 Qc4 30. Qa3 b4 31. Qa7 Rf8 32. Qb6 Qxe4 33. Qxd6
Nc4 34. Qc5 Rd8 35. b3 Qxd5 36. Qxd5 Rxd5 37. bxc4 Rd8 38. Rb1 Bc3 39. Kf1 Kg7
40. Bc5 Rc8 41. Bxb4 Rxc4 1/2-1/2

[Event "6. OPEN International Ch of Vojvodina 20"]
[Site "Novi Sad"]
[Date "2015.07.31"]
[Round "9"]
[Board "17"]
[White "Desnica, Vladan"]
[Black "Aydincelebi, Kagan"]
[Result "1/2-1/2"]
[WhiteElo "2253"]
[BlackElo "1910"]
[PlyCount "76"]
[EventDate "2015.07.25"]
[EventRounds "9"]
[EventCountry "SRB"]

1. d4 Nf6 2. c4 g6 3. Nc3 Bg7 4. e4 d6 5. Nf3 O-O 6. Be2 c5 7. d5 e6 8. O-O
exd5 9. cxd5 Re8 10. Nd2 Nbd7 11. Qc2 Nh5 12. Bxh5 gxh5 13. Nc4 Ne5 14. Nxe5
Bxe5 15. Bd2 Bd7 16. f4 Bd4+ 17. Kh1 f5 18. Rae1 fxe4 19. f5 e3 20. Bxe3 Rxe3
21. Rxe3 Bxe3 22. f6 Bd4 23. f7+ Kh8 24. f8=Q+ Qxf8 25. Rxf8+ Rxf8 26. h4 Rf1+
27. Kh2 Be5+ 28. g3 Bd4 29. Ne4 Bg4 30. Qd3 Rd1 31. Qb5 Bf3 32. Qe8+ Kg7 33.
Qe7+ Kg8 34. Qe6+ Kh8 35. Qe8+ Kg7 36. Qe7+ Kg8 37. Qg5+ Kh8 38. Qd8+ Kg7
 1/2-1/2

[Event "6. OPEN International Ch of Vojvodina 20"]
[Site "Novi Sad"]
[Date "2015.07.31"]
[Round "9"]
[Board "18"]
[White "Rogac, Srdjan"]
[Black "Djacanin, Goran"]
[Result "1-0"]
[WhiteElo "2385"]
[BlackElo "2207"]
[PlyCount "93"]
[EventDate "2015.07.25"]
[EventRounds "9"]
[EventCountry "SRB"]

1. e4 d5 2. exd5 Nf6 3. d4 Bg4 4. f3 Bf5 5. Bd3 Qxd5 6. Nc3 Qd7 7. Ne4 Nc6 8.
c3 e5 9. Nxf6+ gxf6 10. Bxf5 Qxf5 11. d5 O-O-O 12. Qb3 Ne7 13. c4 Qg6 14. Ne2
Qxg2 15. Rg1 Qxh2 16. Be3 Nf5 17. Bf2 Bh6 18. Qd3 Qh5 19. Kd1 Rhg8 20. Kc2 Nd6
21. c5 e4 22. fxe4 Nxe4 23. Rxg8 Nxf2 24. Rxd8+ Kxd8 25. Ng3 Qg4 26. Qc3 Ne4
27. Nxe4 Qxe4+ 28. Qd3 Qxd3+ 29. Kxd3 Bg5 30. Rh1 h6 31. Ke4 Kd7 32. Rh3 a6 33.
Rb3 Kc8 34. d6 f5+ 35. Kxf5 Bd8 36. Rd3 Kd7 37. dxc7+ Kxc7 38. Ke5 Bg5 39. Rf3
f6+ 40. Kd5 h5 41. b4 h4 42. a4 Kd7 43. b5 axb5 44. axb5 Kc7 45. Ke6 Kc8 46. b6
Kb8 47. Kd7 1-0

[Event "6. OPEN International Ch of Vojvodina 20"]
[Site "Novi Sad"]
[Date "2015.07.31"]
[Round "9"]
[Board "19"]
[White "Martic, Ivan"]
[Black "Jocev, Milan"]
[Result "1-0"]
[WhiteElo "2383"]
[BlackElo "2200"]
[PlyCount "39"]
[EventDate "2015.07.25"]
[EventRounds "9"]
[EventCountry "SRB"]

1. e4 e6 2. d4 d5 3. e5 c5 4. c3 Nc6 5. Nf3 Qb6 6. a3 Nh6 7. b4 cxd4 8. cxd4
Nf5 9. Be3 f6 10. exf6 gxf6 11. Bd3 Nxe3 12. fxe3 Bd7 13. O-O Bh6 14. Qe1 O-O-O
15. Nc3 Ne7 16. Kh1 Rdg8 17. a4 Rg4 18. Nb5 Rhg8 19. a5 Qa6 20. Qc3+ 1-0

[Event "6. OPEN International Ch of Vojvodina 20"]
[Site "Novi Sad"]
[Date "2015.07.31"]
[Round "9"]
[Board "20"]
[White "Remecki, Sinisa"]
[Black "Nestorovic, Lazar"]
[Result "1/2-1/2"]
[WhiteElo "2173"]
[BlackElo "2337"]
[PlyCount "53"]
[EventDate "2015.07.25"]
[EventRounds "9"]
[EventCountry "SRB"]

1. Nf3 c5 2. b3 Nf6 3. Bb2 e6 4. e3 b6 5. d4 cxd4 6. exd4 Bb7 7. Bd3 Be7 8. O-O
O-O 9. Nbd2 Nc6 10. a3 Nd5 11. Re1 Qc8 12. Rc1 Ba6 13. c4 Nf4 14. Bb1 Qd8 15.
g3 Ng6 16. d5 exd5 17. cxd5 Nb8 18. Ne4 d6 19. Qd4 Bf6 20. Nxf6+ Qxf6 21. Qxf6
gxf6 22. Bxf6 Nd7 23. Bb2 Nc5 24. b4 Nd3 25. Bxd3 Bxd3 26. Bf6 Rfe8 27. Nd4
 1/2-1/2

[Event "6. OPEN International Ch of Vojvodina 20"]
[Site "Novi Sad"]
[Date "2015.07.31"]
[Round "9"]
[Board "21"]
[White "Mazet, Julien"]
[Black "Marholev, Dimitar"]
[Result "1/2-1/2"]
[WhiteElo "2139"]
[BlackElo "2317"]
[PlyCount "119"]
[EventDate "2015.07.25"]
[EventRounds "9"]
[EventCountry "SRB"]

1. d4 d6 2. e4 Nf6 3. Nc3 g6 4. Nf3 Bg7 5. Be2 O-O 6. O-O a6 7. a4 Nc6 8. h3 e5
9. dxe5 Nxe5 10. Nxe5 dxe5 11. Qxd8 Rxd8 12. Bc4 Rd4 13. Bd3 Be6 14. Be3 Rd7
15. a5 Nh5 16. Na4 Bf8 17. Bc5 Bd6 18. Bxd6 Rxd6 19. Nc5 Rc6 20. Nxe6 Rxe6 21.
g3 Nf6 22. Rad1 Rd8 23. f3 Red6 24. Kf2 Kf8 25. Be2 Ke7 26. Rxd6 Rxd6 27. Ke3
Nh5 28. Rg1 g5 29. c3 Rc6 30. Kd2 Rh6 31. Ke3 Ng7 32. Rh1 f5 33. exf5 Nxf5+ 34.
Kf2 c5 35. Bd3 Nd6 36. Ke3 Ke6 37. Be4 Nc4+ 38. Kf2 Nxa5 39. Ra1 Nc6 40. Bxc6
bxc6 41. Kg2 Kf5 42. Rxa6 Rd6 43. Kf2 e4 44. fxe4+ Kxe4 45. Ke2 Kd5 46. Ra4 c4
47. Ra5+ c5 48. Rb5 Kc6 49. Rb8 Rd3 50. Kf2 h5 51. Rg8 Rd2+ 52. Ke1 Rh2 53.
Rxg5 Rxh3 54. Kd1 Rh2 55. Kc1 Kd6 56. Kb1 Rh1+ 57. Kc2 Kc6 58. Rg6+ Kb5 59. Rg8
Rh2+ 60. Kb1 1/2-1/2

[Event "6. OPEN International Ch of Vojvodina 20"]
[Site "Novi Sad"]
[Date "2015.07.31"]
[Round "9"]
[Board "23"]
[White "Titov, Ivan"]
[Black "Lundin, Jan"]
[Result "0-1"]
[WhiteElo "2172"]
[BlackElo "2245"]
[PlyCount "44"]
[EventDate "2015.07.25"]
[EventRounds "9"]
[EventCountry "SRB"]

1. e4 e5 2. Nf3 Nc6 3. Bc4 Bc5 4. d4 Bxd4 5. Nxd4 Nxd4 6. f4 d6 7. Bxf7+ Kxf7
8. O-O Nf6 9. fxe5 dxe5 10. Bg5 h5 11. Nc3 c6 12. Qd3 Ne6 13. Qg3 Nxg5 14. Qxg5
Qe7 15. Ne2 h4 16. Nd4 Kg8 17. Nf3 Rh5 18. Qe3 b6 19. Kh1 Ba6 20. Rfd1 Qc5 21.
Qe1 h3 22. Rd2 Rf8 0-1

[Event "6. OPEN International Ch of Vojvodina 20"]
[Site "Novi Sad"]
[Date "2015.07.31"]
[Round "9"]
[Board "31"]
[White "Deze, Vladimir"]
[Black "Drljevic, Ljilja"]
[Result "0-1"]
[WhiteElo "2215"]
[BlackElo "2140"]
[PlyCount "60"]
[EventDate "2015.07.25"]
[EventRounds "9"]
[EventCountry "SRB"]

1. d4 d6 2. c4 e5 3. d5 Be7 4. Nc3 Nf6 5. e4 O-O 6. f3 a5 7. Be3 Na6 8. Bd3 Nh5
9. Qd2 Nf4 10. Bc2 f5 11. exf5 Nb4 12. Be4 Bxf5 13. Bxf5 Rxf5 14. O-O-O c6 15.
Kb1 b5 16. g3 bxc4 17. gxf4 exf4 18. Bd4 c5 19. Bf2 Nd3 20. Qc2 Rb8 21. Rxd3
cxd3 22. Qxd3 Qb6 23. Na4 Qb4 24. Qxf5 Qxa4 25. Qc2 Qa3 26. Kc1 Qxa2 27. Be1
Bf6 28. Bc3 Qa1+ 29. Kd2 Bxc3+ 30. Kxc3 Qe1+ 0-1